Statistiques concernant Clubs de LaLiga 2

Cliquez ici pour prendre le quiz!

Statistiques générales

  • Ce quiz a été pris 39 fois
  • Le résultat moyen est 12 sur 22

Statistiques - réponses

Réponse% Correct
Levante UD
97%
Elche CF
83%
RCD Espanyol
81%
SD Eibar
81%
Real Valladolid CF
78%
Real Saragosse
72%
Villareal CF B
72%
CD Leganes
69%
Real Sporting Gijon
67%
SD Huesca
58%
CD Tenerife
56%
Racing Santander
56%
Real Oviedo
50%
FC Andorre
47%
Albacete Balompié
42%
CD Mirandés
28%
Burgos CF
22%
FC Cartagena
22%
AD Alcorcon
19%
RC Ferrol
19%
CD Eldense
17%
SD Amorebieta
14%

Distribution des résultats

Percentile par nombre de réponses

% des personnes avec chaque résultat

Votre développement - résultats

Vous n’avez pas pris ce quiz